LIBRARY & INFORMATION CENTRE, KCAET, TAVANUR

ONLINE PUBLIC ACCESS CATALOGUE (OPAC)

Waste water treatment / (Record no. 2745)

MARC details
000 -LEADER
fixed length control field 00498cam a2200193ua 4500
020 ## - INTERNATIONAL STANDARD BOOK NUMBER
ISBN 81-204-0215-4
041 ## - LANGUAGE CODE
Language code of text/sound track or separate title eng
082 ## - DEWEY DECIMAL CLASSIFICATION NUMBER
Classification number 628.3
Item number NAR/WA
100 ## - MAIN ENTRY--AUTHOR NAME
Personal name Narayanan, Rao .
245 ## - TITLE STATEMENT
Title Waste water treatment /
260 ## - PUBLICATION, DISTRIBUTION, ETC. (IMPRINT)
Place of publication New Delhi :
Name of publisher Oxford & IBH Publishing company ,
Year of publication 1987.
300 ## - PHYSICAL DESCRIPTION
Number of Pages 345 ; .
700 1# - ADDED ENTRY--PERSONAL NAME
Personal name Datta, Amal .
942 ## - ADDED ENTRY ELEMENTS (KOHA)
Koha item type Books
Holdings
Withdrawn status Lost status Damaged status Home library Current library Date acquired Full call number Accession Number Koha item type
      KAUAET KAUAET 07/04/2012 628.3 17720 Books
      KAUAET KAUAET 07/04/2012 628.3 19441 Books
free website counter